Hướng dẫn ôn tập triết học Mác Lênin

Tallennettuna:
Bibliografiset tiedot
Yhteisötekijät: Bộ Tài chính. Trường Đại học BC Marketing, Bộ môn Khoa học cơ bản
Aineistotyyppi: Kirja
Kieli:Undetermined
Julkaistu: Thành phố Hồ Chí Minh Tổng hợp Thành phố Hồ Chí Minh 2007
Aiheet:
Tagit: Lisää tagi
Ei tageja, Lisää ensimmäinen tagi!
Thư viện lưu trữ: Trung tâm Học liệu Trường Đại học Cần Thơ
LEADER 00950nam a2200217Ia 4500
001 CTU_130885
008 210402s9999 xx 000 0 und d
020 |c 15000 
082 |a 335.411076 
082 |b B450 
110 |a Bộ Tài chính. Trường Đại học BC Marketing 
110 |b Bộ môn Khoa học cơ bản 
245 0 |a Hướng dẫn ôn tập triết học Mác Lênin 
245 0 |c Tổ chức biên soạn: Lương Minh Cừ ... [et al.] 
260 |a Thành phố Hồ Chí Minh 
260 |b Tổng hợp Thành phố Hồ Chí Minh 
260 |c 2007 
650 |a Philosophy,Marxism-Leninism,Materialism,Philosophy, Marxist,Triết học Mác - Lênin,Triết học Mác,Chủ nghĩa duy vật 
650 |x History 
904 |i Giang, Mai chuyển từ 146.32 thành 335.411076 chưa in nhãn 
980 |a Trung tâm Học liệu Trường Đại học Cần Thơ